Sports Quiz

Random Sports or Football Quiz

Notre Dame Fighting Irish 2014 Football Opponents Quiz Stats

Quiz not verified by Sporcle

Challenge
Share
Tweet
Embed
Score 0/12 Timer 03:00
0 Plays Today
Schedule School and Team Name % Correct
11/29/14 Los Angeles, CaliforniaUSC Trojans
89.1%
9/6/14 Notre Dame IndianaMichigan Wolverines
87%
10/18/14 Tallahassee, FloridaFlorida State Seminoles
84.8%
11/8/14 Tempe, ArizonaArizona State Sun Devils
82.6%
11/1/14 Landover, MarylandNavy Midshipmen
80.4%
9/13/14 Indianapolis, IndianaPurdue Boilermakers
78.3%
9/27/14 East Rutherford, New JerseySyracuse Orange
73.9%
11/22/14 Notre Dame, IndianaLouisville Cardinals
63%
10/4/14 Notre Dame, IndianaStanford Cardinal
60.9%
8/30/14 Notre Dame, IndianaRice Owls
56.5%
10/11/14 Notre Dame, IndianaNorth Carolina Tar Heels
54.3%
11/15/14 Notre Dame, IndianaNorthwestern Wildcats
52.2%

You're not logged in!

Compare scores with friends on all Sporcle quizzes.
Join for Free
OR
Log In

You Might Also Like...

Show Comments

Extras

Top Quizzes Today


Score Distribution

Your Account Isn't Verified!

In order to create a playlist on Sporcle, you need to verify the email address you used during registration. Go to your Sporcle Settings to finish the process.

Report this User

Report this user for behavior that violates our Community Guidelines.

Details: